header

Animals and modern cultures (Record no. 200475)

MARC details
000 -LEADER
fixed length control field 01322nam a2200349Ia 4500
100 1# - MAIN ENTRY--AUTHOR NAME
Personal name Franklin, Adrian.
245 10 - TITLE STATEMENT
Title Animals and modern cultures
260 ## - PUBLICATION, DISTRIBUTION, ETC. (IMPRINT)
Place of publication London ;
-- Thousand Oaks, Calif. :
Name of publisher Sage,
Year of publication 1999.
300 ## - PHYSICAL DESCRIPTION
Number of Pages vi, 213 p. :
Other physical details ill.
650 #0 - SUBJECT ADDED ENTRY--TOPICAL TERM
Topical Term Human-animal relationships.
Topical Term Animals and civilization.
856 40 - ELECTRONIC LOCATION AND ACCESS
Uniform Resource Identifier http://site.ebrary.com/lib/rucke/Doc?id=10567067

No items available.

© 2026 Rongo University
Contact us: librarian | system librarian | Rongo university